[Event "Winnipeg TNT October"]
[Site "Winnipeg CAN"]
[Date "2011.10.18"]
[Round "3"]
[White "Leaden, Bruce"]
[Black "Iomdina, Alexander"]
[Result "0-1"]
[WhiteElo "1460"]
[BlackElo "1395"]
[PlyCount "108"]
[GameId "2160767909648200"]
[EventDate "2011.10.04"]
[EventType "swiss"]
[EventRounds "4"]
[EventCountry "CAN"]
[SourceTitle "EXT 2023"]
[Source "ChessBase"]
[SourceDate "2022.10.05"]
[SourceVersion "1"]
[SourceVersionDate "2022.10.05"]
[SourceQuality "1"]

1. d4 Nf6 2. Bf4 e6 3. Nf3 c5 4. c3 cxd4 5. Nxd4 Qa5 6. Nb3 Qb6 7. e3 d5 8. Be2 Bd6 9. Bxd6 Qxd6 10. O-O Bd7 11. c4 Qe5 12. Qd4 Nc6 13. Qxe5 Nxe5 14. cxd5 Nxd5 15. e4 Nf6 16. Nc3 O-O 17. f4 Nc6 18. e5 Nd5 19. Nxd5 exd5 20. Rad1 Ne7 21. Nd4 Rac8 22. Rc1 Nf5 23. Nxf5 Bxf5 24. Kf2 Rxc1 25. Rxc1 f6 26. exf6 Rxf6 27. Rc7 Rb6 28. b3 Bb1 29. Bf3 Bxa2 30. Bxd5+ Kf8 31. Rxb7 Rxb7 32. Bxb7 Bxb3 33. Ke3 a5 34. Bc6 a4 35. Bxa4 Bxa4 36. g4 Kf7 37. Ke4 Ke6 38. f5+ Kf6 39. Kf4 h6 40. h4 Bc2 41. g5+ hxg5+ 42. hxg5+ Kf7 43. Ke5 Bxf5 44. Kxf5 g6+ 45. Ke5 Ke7 46. Kf4 Ke6 47. Ke4 Kd6 48. Kf4 Kd5 49. Kg3 Ke5 50. Kg2 Kf4 51. Kf2 Kxg5 52. Kg1 Kf4 53. Kf2 g5 54. Kg2 Kg4 0-1

[Event "Winnipeg TNT October"]
[Site "Winnipeg CAN"]
[Date "2011.10.18"]
[Round "3"]
[White "Li, Kevin"]
[Black "Boron, Anthony"]
[Result "1-0"]
[WhiteElo "2159"]
[BlackElo "2023"]
[PlyCount "41"]
[GameId "2160767909648201"]
[EventDate "2011.10.04"]
[EventType "swiss"]
[EventRounds "4"]
[EventCountry "CAN"]
[SourceTitle "EXT 2023"]
[Source "ChessBase"]
[SourceDate "2022.10.05"]
[SourceVersion "1"]
[SourceVersionDate "2022.10.05"]
[SourceQuality "1"]

1. e4 e5 2. Nf3 Nc6 3. Bb5 a6 4. Bxc6 dxc6 5. d3 Bg4 6. h3 Bxf3 7. Qxf3 Ne7 8. Be3 Ng6 9. Nd2 Bd6 10. Nb3 Qe7 11. g3 O-O-O 12. O-O-O Rdf8 13. d4 Kb8 14. c4 exd4 15. Bxd4 Be5 16. Bc5 Bd6 17. Bxd6 cxd6 18. Qc3 f5 19. c5 Rd8 20. exf5 Ne5 21. Rhe1 1-0

[Event "Winnipeg TNT October"]
[Site "Winnipeg CAN"]
[Date "2011.10.18"]
[Round "3"]
[White "Lipic, Stephen"]
[Black "Kaptsan, Aron"]
[Result "0-1"]
[WhiteElo "1859"]
[BlackElo "2009"]
[PlyCount "44"]
[GameId "2160767909648202"]
[EventDate "2011.10.04"]
[EventType "swiss"]
[EventRounds "4"]
[EventCountry "CAN"]
[SourceTitle "EXT 2023"]
[Source "ChessBase"]
[SourceDate "2022.10.05"]
[SourceVersion "1"]
[SourceVersionDate "2022.10.05"]
[SourceQuality "1"]

1. f4 d5 2. g3 c5 3. Bg2 Nc6 4. Nf3 Nf6 5. O-O g6 6. d3 Bg7 7. c3 O-O 8. Nbd2 Re8 9. Qc2 e5 10. fxe5 Nxe5 11. Nxe5 Rxe5 12. e4 dxe4 13. Nxe4 Nxe4 14. Bxe4 Bh3 15. Rf2 f5 16. Bg2 Bxg2 17. Kxg2 Qd5+ 18. Rf3 Re1 19. Kf2 Rae8 20. h3 Qe5 21. Re3 Rxe3 22. Bxe3 Qxe3+ 0-1

[Event "Winnipeg TNT October"]
[Site "Winnipeg CAN"]
[Date "2011.10.18"]
[Round "3"]
[White "Mundwiler, Les"]
[Black "Bince, Rolando"]
[Result "0-1"]
[WhiteElo "2091"]
[BlackElo "2111"]
[PlyCount "134"]
[GameId "2160767909648203"]
[EventDate "2011.10.04"]
[EventType "swiss"]
[EventRounds "4"]
[EventCountry "CAN"]
[SourceTitle "EXT 2023"]
[Source "ChessBase"]
[SourceDate "2022.10.05"]
[SourceVersion "1"]
[SourceVersionDate "2022.10.05"]
[SourceQuality "1"]

1. d4 Nf6 2. c4 e6 3. a3 c5 4. e3 Nc6 5. Nf3 d5 6. Nc3 b6 7. cxd5 exd5 8. Bb5 Bb7 9. Ne5 Qc7 10. O-O a6 11. Bxc6+ Bxc6 12. Nxc6 Qxc6 13. dxc5 bxc5 14. Qf3 Rd8 15. Rd1 Be7 16. Bd2 O-O 17. Be1 Bd6 18. g3 Be5 19. Rac1 Rfe8 20. Rc2 h6 21. Ne2 Qa4 22. Rdc1 Ne4 23. h4 Rd6 24. Nc3 Nxc3 25. Bxc3 Rf6 26. Qxd5 Bxc3 27. Rxc3 Qg4 28. Rc4 Qe2 29. R4c2 Qg4 30. Rxc5 Qe2 31. R5c2 Qg4 32. Qd1 Rf3 33. Kg2 Rexe3 34. Qd6 Qe4 35. Kg1 Rd3 36. Qb8+ Kh7 37. Rc3 Qd4 38. Rxd3 Qxf2+ 39. Kh1 Rxd3 40. Qf4 Rf3 41. Qe4+ g6 42. Rg1 h5 43. Rg2 Qf1+ 44. Kh2 Rd3 45. Qe2 Qf5 46. Rf2 Qd5 47. Rxf7+ Qxf7 48. Qxd3 Qf2+ 49. Kh1 Qxb2 50. Qxa6 Qb1+ 51. Kg2 Qa2+ 52. Kf3 Kg7 53. Qa7+ Kg8 54. Qb8+ Kh7 55. Qb4 Qd5+ 56. Qe4 Qb3+ 57. Qe3 Qd5+ 58. Kf2 Qa2+ 59. Kf3 Qd5+ 60. Kf2 Qa2+ 61. Kg1 Qb1+ 62. Kg2 Qa2+ 63. Kh3 Qb1 64. Qe7+ Kh6 65. Qf8+ Kh7 66. Qf7+ Kh6 67. a4 Qh1# 0-1

[Event "Winnipeg TNT October"]
[Site "Winnipeg CAN"]
[Date "2011.10.18"]
[Round "3"]
[White "Wolchock, Theo"]
[Black "Reimer, Bruce"]
[Result "1-0"]
[WhiteElo "1650"]
[BlackElo "1635"]
[PlyCount "73"]
[GameId "2160767909648204"]
[EventDate "2011.10.04"]
[EventType "swiss"]
[EventRounds "4"]
[EventCountry "CAN"]
[SourceTitle "EXT 2023"]
[Source "ChessBase"]
[SourceDate "2022.10.05"]
[SourceVersion "1"]
[SourceVersionDate "2022.10.05"]
[SourceQuality "1"]

1. c4 e5 2. g3 Nc6 3. Bg2 f5 4. Nc3 Nf6 5. e3 Bc5 6. Nge2 a6 7. O-O O-O 8. b3 d6 9. Bb2 Be6 10. d4 exd4 11. exd4 Ba7 12. d5 Bd7 13. dxc6 Bxc6 14. Bd5+ Bxd5 15. Nxd5 Ne4 16. Nec3 Ng5 17. Nf4 Qc8 18. Ncd5 Re8 19. Qd3 Ne4 20. Nc3 Qd8 21. Nxe4 fxe4 22. Qd5+ Kh8 23. Ne6 c6 24. Bxg7+ Kg8 25. Nxd8+ cxd5 26. Bf6 Raxd8 27. Bxd8 Rxd8 28. cxd5 e3 29. fxe3 Bxe3+ 30. Kg2 Rc8 31. Rae1 Rc2+ 32. Kh3 Bg5 33. Re6 Rxa2 34. Rxd6 b5 35. Rd1 a5 36. Rb6 b4 37. d6 1-0

[Event "Winnipeg TNT October"]
[Site "Winnipeg CAN"]
[Date "2010.10.25"]
[Round "4"]
[White "Crawford, Gary"]
[Black "Leaden, Bruce"]
[Result "1-0"]
[WhiteElo "1444"]
[BlackElo "1463"]
[PlyCount "57"]
[GameId "2160767909648205"]
[EventDate "2011.10.04"]
[EventType "swiss"]
[EventRounds "4"]
[EventCountry "CAN"]
[SourceTitle "EXT 2023"]
[Source "ChessBase"]
[SourceDate "2022.10.05"]
[SourceVersion "1"]
[SourceVersionDate "2022.10.05"]
[SourceQuality "1"]

1. e4 c5 2. Nc3 g6 3. Nf3 Bg7 4. Bc4 e6 5. O-O Nc6 6. Re1 Nge7 7. a3 a6 8. d3 b5 9. Ba2 O-O 10. e5 Nf5 11. Bg5 Qc7 12. Bf6 Nfd4 13. Re4 Nxf3+ 14. Qxf3 Nd4 15. Rxd4 cxd4 16. Nxb5 axb5 17. Qxa8 Bb7 18. Qa7 Qc6 19. f3 Bxf6 20. exf6 e5 21. Qa5 Ra8 22. Qb4 Qxf6 23. Qxb5 Bc6 24. Qc5 Kg7 25. Bd5 Rb8 26. Bxc6 dxc6 27. b4 Qe6 28. a4 f5 29. Qa7+ 1-0

[Event "Winnipeg TNT October"]
[Site "Winnipeg CAN"]
[Date "2011.10.25"]
[Round "4"]
[White "Boron, Anthony"]
[Black "Mundwiler, Les"]
[Result "1-0"]
[WhiteElo "2023"]
[BlackElo "2091"]
[PlyCount "73"]
[GameId "2160767909648206"]
[EventDate "2011.10.04"]
[EventType "swiss"]
[EventRounds "4"]
[EventCountry "CAN"]
[SourceTitle "EXT 2023"]
[Source "ChessBase"]
[SourceDate "2022.10.05"]
[SourceVersion "1"]
[SourceVersionDate "2022.10.05"]
[SourceQuality "1"]

1. e4 c5 2. d4 cxd4 3. c3 d3 4. Bxd3 d6 5. Nf3 Nf6 6. O-O Nc6 7. Na3 a6 8. h3 e6 9. Bg5 h6 10. Bh4 g5 11. Bg3 g4 12. hxg4 Nxg4 13. Nd4 h5 14. Nxc6 bxc6 15. Nc2 e5 16. f3 h4 17. Be1 Qb6+ 18. Kh1 Ne3 19. Nxe3 Qxe3 20. Qe2 Qf4 21. Bd2 Qg3 22. Qf2 Be7 23. Bc4 Be6 24. Bb3 Kd7 25. f4 Rag8 26. f5 Bxb3 27. axb3 h3 28. Qa7+ Ke8 29. Qa8+ Bd8 30. Qxc6+ Kf8 31. Qxd6+ Be7 32. Bh6+ Rxh6 33. Qxh6+ Rg7 34. Qxh3 Qg5 35. Rxa6 f6 36. Ra8+ Kf7 37. g4 1-0

[Event "Winnipeg TNT October"]
[Site "Winnipeg CAN"]
[Date "2011.10.25"]
[Round "4"]
[White "Iomdina, Alexander"]
[Black "De los Santos, Christopher"]
[Result "0-1"]
[WhiteElo "1395"]
[BlackElo "1933"]
[PlyCount "108"]
[GameId "2160767909648208"]
[EventDate "2011.10.04"]
[EventType "swiss"]
[EventRounds "4"]
[EventCountry "CAN"]
[SourceTitle "EXT 2023"]
[Source "ChessBase"]
[SourceDate "2022.10.05"]
[SourceVersion "1"]
[SourceVersionDate "2022.10.05"]
[SourceQuality "1"]

1. d4 e6 2. c4 Nf6 3. Nc3 d5 4. Bg5 Be7 5. e3 O-O 6. cxd5 exd5 7. Bd3 h6 8. Bh4 c6 9. Qc2 Nbd7 10. Nge2 c5 11. Bxf6 Nxf6 12. Qd2 a6 13. Rc1 c4 14. Bc2 b5 15. b3 b4 16. Nb1 c3 17. Qd1 Bd7 18. Bd3 Bd6 19. a3 a5 20. Rc2 Re8 21. O-O Rb8 22. a4 Ne4 23. Qe1 Qh4 24. h3 Ng5 25. f4 Qxe1 26. Rxe1 Rxe3 27. fxg5 Rxd3 28. gxh6 Re8 29. Rf1 g6 30. Rf6 Be6 31. Kf2 Be7 32. Rf3 Rd1 33. Nc1 Bf5 34. Re2 Rxc1 35. Nxc3 Rxc3 36. Re5 Bh4+ 37. g3 Rxf3+ 38. Kxf3 Rxe5 39. dxe5 Bg5 40. h4 Bxh6 41. g4 Bc2 42. g5 Bg7 43. h5 Bxb3 44. h6 Bxe5 45. h7+ Kxh7 46. Ke2 Bxa4 47. Kd2 b3 48. Kc1 Bb5 49. Kd2 b2 50. Kc2 Bd3+ 51. Kd2 b1=Q 52. Ke3 d4+ 53. Kd2 Qc2+ 54. Ke1 Qe2# 0-1

[Event "Winnipeg TNT October"]
[Site "Winnipeg CAN"]
[Date "2011.10.25"]
[Round "4"]
[White "Kaptsan, Aron"]
[Black "Li, Kevin"]
[Result "0-1"]
[WhiteElo "2009"]
[BlackElo "2159"]
[PlyCount "84"]
[GameId "2160767909648209"]
[EventDate "2011.10.04"]
[EventType "swiss"]
[EventRounds "4"]
[EventCountry "CAN"]
[SourceTitle "EXT 2023"]
[Source "ChessBase"]
[SourceDate "2022.10.05"]
[SourceVersion "1"]
[SourceVersionDate "2022.10.05"]
[SourceQuality "1"]

1. d4 Nf6 2. c4 e5 3. dxe5 Ng4 4. Nf3 Nc6 5. e3 Ngxe5 6. Be2 Nxf3+ 7. Bxf3 Be7 8. O-O d6 9. Nc3 Ne5 10. Be2 c6 11. Qc2 O-O 12. b3 f5 13. Bb2 Qc7 14. Rad1 Be6 15. Rd2 Rad8 16. Rfd1 Rd7 17. Na4 Ng6 18. Bd4 b6 19. Bc3 Rb8 20. Nb2 Bf8 21. Nd3 Qd8 22. Nb4 Rc8 23. Bf3 Nh4 24. Bxc6 Rxc6 25. Nxc6 Qa8 26. Rd4 f4 27. Rxf4 Nxg2 28. Kxg2 Qxc6+ 29. Qe4 d5 30. Qf3 Bf7 31. Rfd4 Rd6 32. Kf1 Rf6 33. Rf4 Rxf4 34. exf4 b5 35. cxd5 Qh6 36. Qg3 Bh5 37. Rd3 Bd6 38. Be5 Bxe5 39. fxe5 Qc1+ 40. Kg2 Be2 41. Qe3 Qf1+ 42. Kg3 Qg1+ 0-1

[Event "Winnipeg TNT October"]
[Site "Winnipeg CAN"]
[Date "2011.10.25"]
[Round "4"]
[White "Wolchock, Theo"]
[Black "De Groot, Steven"]
[Result "1/2-1/2"]
[WhiteElo "1650"]
[BlackElo "1801"]
[PlyCount "110"]
[GameId "2160767909648210"]
[EventDate "2011.10.04"]
[EventType "swiss"]
[EventRounds "4"]
[EventCountry "CAN"]
[SourceTitle "EXT 2023"]
[Source "ChessBase"]
[SourceDate "2022.10.05"]
[SourceVersion "1"]
[SourceVersionDate "2022.10.05"]
[SourceQuality "1"]

1. c4 Nf6 2. g3 g6 3. Bg2 Bg7 4. Nc3 c6 5. e3 d5 6. cxd5 Nxd5 7. Nxd5 cxd5 8. Ne2 O-O 9. O-O Nc6 10. d4 e6 11. Bd2 Qb6 12. b3 Qa6 13. Rc1 Bd7 14. Bc3 Rac8 15. Qd2 Rfd8 16. Rfd1 Bf8 17. Nf4 Rc7 18. e4 dxe4 19. Bxe4 Be8 20. Qe2 Qxe2 21. Nxe2 Rcd7 22. Rc2 Nb4 23. Rcd2 Nd5 24. Bb2 Rc7 25. Rc2 Rxc2 26. Bxc2 Rc8 27. Be4 Bb5 28. Bxd5 Bxe2 29. Rd2 Ba6 30. Be4 f5 31. Bb1 Bg7 32. Rc2 Rxc2 33. Bxc2 Kf7 34. f4 Ke8 35. Kf2 Kd7 36. Ke3 Kd6 37. Bd3 Bxd3 38. Kxd3 Kd5 39. a4 h6 40. Ke3 Bf6 41. h4 g5 42. hxg5 hxg5 43. fxg5 Bxg5+ 44. Kf3 Bf6 45. Ke3 a6 46. Kd3 Bd8 47. Bc1 Bc7 48. Bf4 Bxf4 49. gxf4 b5 50. axb5 axb5 51. b4 Kc6 52. Kc3 Kd6 53. Kd2 Ke7 54. Ke3 Kd6 55. Kd2 Kc6 1/2-1/2

[Event "Winnipeg TNT October"]
[Site "Winnipeg CAN"]
[Date "2011.10.25"]
[Round "4.4"]
[White "Reimer, Bruce"]
[Black "Pottinger, Carl"]
[Result "0-1"]
[WhiteElo "1635"]
[BlackElo "2001"]
[PlyCount "104"]
[GameId "2160767909648211"]
[EventDate "2011.10.04"]
[EventType "swiss"]
[EventRounds "4"]
[EventCountry "CAN"]
[SourceTitle "EXT 2023"]
[Source "ChessBase"]
[SourceDate "2022.10.05"]
[SourceVersion "1"]
[SourceVersionDate "2022.10.05"]
[SourceQuality "1"]

1. c4 c5 2. g3 g6 3. Bg2 Bg7 4. Nc3 e5 5. e4 Ne7 6. Nge2 O-O 7. O-O d6 8. d3 Nbc6 9. Bg5 f6 10. Be3 Nd4 11. Bxd4 cxd4 12. Nd5 Nxd5 13. cxd5 Bd7 14. a4 Qb6 15. Qd2 Rfc8 16. Rfc1 Rxc1+ 17. Nxc1 Rc8 18. Bf3 f5 19. Bd1 fxe4 20. dxe4 Qc7 21. Nb3 b6 22. Rc1 Qb8 23. Rxc8+ Qxc8 24. Qb4 Bf8 25. a5 Qa6 26. axb6 axb6 27. Qd2 Qc4 28. Nc1 Kg7 29. Be2 Qc7 30. Kg2 Ba4 31. b3 Bd7 32. Na2 Be7 33. b4 Ba4 34. b5 Qc2 35. Qxc2 Bxc2 36. f3 Bg5 37. Nb4 Bb3 38. Nd3 Be3 39. f4 Kf6 40. fxe5+ dxe5 41. Nb2 Bc1 42. Nc4 Bc2 43. Nxb6 Bxe4+ 44. Bf3 Bd3 45. Nd7+ Ke7 46. b6 Kxd7 47. b7 Kc7 48. d6+ Kb8 49. d7 Bg5 50. h4 Bd8 51. Kf2 e4 52. Bd1 Kxb7 0-1

[Event "Winnipeg TNT September"]
[Site "Winnipeg CAN"]
[Date "2011.09.06"]
[Round "1"]
[White "Boron, Anthony"]
[Black "Le Dorze, Philippe"]
[Result "1-0"]
[WhiteElo "2000"]
[BlackElo "1627"]
[PlyCount "47"]
[GameId "2160767909648805"]
[EventDate "2011.09.06"]
[EventType "swiss"]
[EventRounds "4"]
[EventCountry "CAN"]
[SourceTitle "EXT 2023"]
[Source "ChessBase"]
[SourceDate "2022.10.05"]
[SourceVersion "1"]
[SourceVersionDate "2022.10.05"]
[SourceQuality "1"]

1. e4 d6 2. d4 Nf6 3. Nc3 g6 4. Be3 Bg7 5. Qd2 Ng4 6. Bg5 O-O 7. h3 Nf6 8. O-O-O Nbd7 9. e5 Ne8 10. Nf3 c6 11. Ne4 d5 12. Ng3 f6 13. Bh6 fxe5 14. Bxg7 Nxg7 15. dxe5 Nc5 16. Qh6 Nce6 17. Bd3 Qb6 18. Rhf1 Bd7 19. h4 Rxf3 20. gxf3 Rf8 21. h5 Nf4 22. hxg6 Nxd3+ 23. Rxd3 hxg6 24. Qxg6 1-0

[Event "Winnipeg TNT September"]
[Site "Winnipeg CAN"]
[Date "2011.09.06"]
[Round "1"]
[White "De los Santos, Christopher"]
[Black "Trueman, Francis"]
[Result "1-0"]
[WhiteElo "1903"]
[BlackElo "1495"]
[PlyCount "81"]
[GameId "2160767909648806"]
[EventDate "2011.09.06"]
[EventType "swiss"]
[EventRounds "4"]
[EventCountry "CAN"]
[SourceTitle "EXT 2023"]
[Source "ChessBase"]
[SourceDate "2022.10.05"]
[SourceVersion "1"]
[SourceVersionDate "2022.10.05"]
[SourceQuality "1"]

1. d4 Nf6 2. c4 d6 3. Nf3 g6 4. g3 Bg7 5. Bg2 O-O 6. O-O c6 7. Nc3 Qc7 8. Bf4 Nbd7 9. Qd2 Re8 10. Bh6 e5 11. Bxg7 Kxg7 12. Rad1 a5 13. b3 Nf8 14. Ng5 Ne6 15. Nxe6+ Bxe6 16. d5 cxd5 17. Nxd5 Nxd5 18. Bxd5 Bh3 19. Bg2 Bxg2 20. Kxg2 Rad8 21. e4 Qc6 22. Qd5 Qxd5 23. Rxd5 b6 24. Rfd1 Re6 25. c5 bxc5 26. Rxc5 dxc5 27. Rxd8 Rb6 28. Rd5 a4 29. Rxe5 axb3 30. axb3 Rc6 31. f4 Kf6 32. g4 h6 33. h4 Re6 34. g5+ Kg7 35. Rxe6 fxe6 36. Kf3 h5 37. Ke3 Kf7 38. Kd3 Ke7 39. Kc4 Kd6 40. Kb5 e5 41. fxe5+ 1-0

[Event "Winnipeg TNT September"]
[Site "Winnipeg CAN"]
[Date "2011.09.06"]
[Round "1"]
[White "Leaden, Bruce"]
[Black "Rutter, Blair"]
[Result "0-1"]
[WhiteElo "1480"]
[BlackElo "1873"]
[PlyCount "48"]
[GameId "2160767909648807"]
[EventDate "2011.09.06"]
[EventType "swiss"]
[EventRounds "4"]
[EventCountry "CAN"]
[SourceTitle "EXT 2023"]
[Source "ChessBase"]
[SourceDate "2022.10.05"]
[SourceVersion "1"]
[SourceVersionDate "2022.10.05"]
[SourceQuality "1"]

1. d4 d5 2. Bf4 c6 3. c3 Nf6 4. Nd2 Bf5 5. Ngf3 h6 6. e3 Nbd7 7. c4 e6 8. c5 Nh5 9. Bg3 Nxg3 10. hxg3 Be7 11. b4 Bf6 12. Nb3 e5 13. Nh4 Bh7 14. dxe5 Bxe5 15. Nd4 O-O 16. Nhf3 Bf6 17. Bd3 a5 18. Bxh7+ Kxh7 19. a3 Kg8 20. Qd3 axb4 21. a4 Nxc5 22. Qb1 Qd7 23. O-O Na6 24. Nd2 c5 0-1

[Event "Winnipeg TNT September"]
[Site "Winnipeg CAN"]
[Date "2011.09.06"]
[Round "1"]
[White "Lipic, Stephen"]
[Black "Baron, Cody"]
[Result "1-0"]
[WhiteElo "1847"]
[BlackElo "1365"]
[PlyCount "89"]
[GameId "2160767909648808"]
[EventDate "2011.09.06"]
[EventType "swiss"]
[EventRounds "4"]
[EventCountry "CAN"]
[SourceTitle "EXT 2023"]
[Source "ChessBase"]
[SourceDate "2022.10.05"]
[SourceVersion "1"]
[SourceVersionDate "2022.10.05"]
[SourceQuality "1"]

1. e4 e6 2. d3 d5 3. Nd2 b6 4. g3 Bb7 5. Bg2 g6 6. Ngf3 Bg7 7. O-O Ne7 8. Re1 Nd7 9. a4 O-O 10. Rb1 Nc5 11. exd5 Nxd5 12. d4 Nxa4 13. c4 Ndc3 14. bxc3 Nxc3 15. Qc2 Nxb1 16. Qxb1 Bxf3 17. Nxf3 Rc8 18. Qa2 a5 19. c5 Bxd4 20. Nxd4 Qxd4 21. Bb2 Qd2 22. Qa1 Rfd8 23. Bh8 Qh6 24. Bf6 Rd3 25. Bb7 Rb8 26. Ba6 Rf3 27. Be2 Rf5 28. cxb6 cxb6 29. Bg4 Rc5 30. Be2 Rc2 31. Bd3 Rd2 32. Qe5 Re8 33. Bg5 Qxg5 34. Qxg5 Rxd3 35. Qb5 Red8 36. Qxb6 a4 37. Re3 Rd1+ 38. Kg2 Ra8 39. Ra3 Kg7 40. Qc6 Rad8 41. Rxa4 R1d6 42. Qc3+ Kg8 43. Ra7 R6d7 44. Rxd7 Rxd7 45. Qc8+ 1-0

[Event "Winnipeg TNT September"]
[Site "Winnipeg CAN"]
[Date "2011.09.06"]
[Round "1"]
[White "Melamedoff, Gustavo"]
[Black "De Groot, Steven"]
[Result "1-0"]
[WhiteElo "2141"]
[BlackElo "1790"]
[PlyCount "79"]
[GameId "2160767909648809"]
[EventDate "2011.09.06"]
[EventType "swiss"]
[EventRounds "4"]
[EventCountry "CAN"]
[SourceTitle "EXT 2023"]
[Source "ChessBase"]
[SourceDate "2022.10.05"]
[SourceVersion "1"]
[SourceVersionDate "2022.10.05"]
[SourceQuality "1"]

1. Nf3 Nf6 2. b3 g6 3. Bb2 d5 4. c4 c6 5. g3 Bg7 6. Bg2 O-O 7. O-O Nbd7 8. cxd5 cxd5 9. d4 Ne4 10. Ne5 e6 11. Nd2 Nxe5 12. Nxe4 Nc6 13. Nc5 b6 14. Na4 Ba6 15. Rc1 Rc8 16. Re1 Qd7 17. Bc3 Rc7 18. e3 Rfc8 19. Bf1 Bxf1 20. Rxf1 Bf8 21. Qd2 Bd6 22. f4 Qe7 23. Bb2 Bb4 24. Qd3 Ba3 25. Qb1 Kg7 26. h4 f6 27. g4 Bb4 28. Qd3 Nd8 29. Nc3 Bxc3 30. Bxc3 Nf7 31. Qd2 Qd7 32. Bb4 a5 33. Ba3 Qb5 34. Kf2 a4 35. Rxc7 Rxc7 36. Rc1 Rxc1 37. Qxc1 axb3 38. Qc8 g5 39. Qf8+ Kg6 40. h5# 1-0

[Event "Winnipeg TNT September"]
[Site "Winnipeg CAN"]
[Date "2011.09.06"]
[Round "1"]
[White "Milord, Frank"]
[Black "Kernetsky, Myron"]
[Result "0-1"]
[WhiteElo "1650"]
[BlackElo "2009"]
[PlyCount "124"]
[GameId "2160767909648810"]
[EventDate "2011.09.06"]
[EventType "swiss"]
[EventRounds "4"]
[EventCountry "CAN"]
[SourceTitle "EXT 2023"]
[Source "ChessBase"]
[SourceDate "2022.10.05"]
[SourceVersion "1"]
[SourceVersionDate "2022.10.05"]
[SourceQuality "1"]

1. e4 e6 2. d4 d5 3. e5 c5 4. c3 Nc6 5. Nf3 Qb6 6. a3 c4 7. Nbd2 Na5 8. Be2 Bd7 9. O-O Ne7 10. Rb1 Nc8 11. Qe1 Be7 12. Bd1 Qc7 13. b3 cxb3 14. Nxb3 Nxb3 15. Bxb3 Nb6 16. Qe3 Bb5 17. Re1 Ba4 18. Nd2 Rc8 19. Qg3 g6 20. Re3 Qd7 21. Bxa4 Qxa4 22. Nb3 Nc4 23. Re1 b6 24. Bh6 Nxa3 25. Rb2 Nc4 26. Ra1 Qd7 27. Rba2 Rc7 28. Nd2 Nxd2 29. Rxd2 Qb5 30. Qf3 Rg8 31. h3 Qb3 32. Rd3 g5 33. h4 gxh4 34. Kh2 Qb5 35. Rdd1 Qb3 36. Rdb1 Qc2 37. Rc1 Qg6 38. Bd2 Kd7 39. Ra6 Rb8 40. Rca1 Rbb7 41. Qe2 Kc8 42. Qb5 Qg8 43. R1a4 Qd8 44. Qb3 Qd7 45. Qa2 Kb8 46. f4 Qb5 47. Qc2 Qe2 48. Ra2 Qh5 49. Qd3 Qg6 50. Qb5 Qg3+ 51. Kg1 h3 52. Qf1 Rc8 53. Be1 Qe3+ 54. Kh2 hxg2 55. Rxg2 Qe4 56. Rg7 Qf5 57. Rg3 Bh4 58. Rf3 Bxe1 59. Qxe1 Rg8 60. Qh4 Rc7 61. Ra2 Qb1 62. Qd8+ Rxd8 0-1

[Event "Winnipeg TNT September"]
[Site "Winnipeg CAN"]
[Date "2011.09.06"]
[Round "1"]
[White "Reimer, Bruce"]
[Black "Kaptsan, Aron"]
[Result "0-1"]
[WhiteElo "1617"]
[BlackElo "1989"]
[PlyCount "54"]
[GameId "2160767909648812"]
[EventDate "2011.09.06"]
[EventType "swiss"]
[EventRounds "4"]
[EventCountry "CAN"]
[SourceTitle "EXT 2023"]
[Source "ChessBase"]
[SourceDate "2022.10.05"]
[SourceVersion "1"]
[SourceVersionDate "2022.10.05"]
[SourceQuality "1"]

1. c4 Nf6 2. g3 g6 3. Bg2 Bg7 4. Nc3 e5 5. e4 O-O 6. Nge2 d6 7. O-O a5 8. d3 Na6 9. Be3 Ng4 10. Bc1 Nc5 11. h3 Nf6 12. Be3 c6 13. a3 Be6 14. Rb1 Nfd7 15. b4 Na6 16. f4 exf4 17. Rxf4 axb4 18. axb4 Bh6 19. Rf3 Bxe3+ 20. Rxe3 Qg5 21. Qd2 Qh6 22. Nf4 Ne5 23. Nxe6 fxe6 24. Ne2 Nxb4 25. Rxb4 Ra1+ 26. Nc1 Rf3 27. Qc2 Qxe3+ 0-1

[Event "Winnipeg TNT September"]
[Site "Winnipeg CAN"]
[Date "2011.09.06"]
[Round "1"]
[White "Schulz, Waldemar"]
[Black "Einarsson, Ken"]
[Result "1-0"]
[WhiteElo "2034"]
[BlackElo "1774"]
[PlyCount "37"]
[GameId "2160767909648813"]
[EventDate "2011.09.06"]
[EventType "swiss"]
[EventRounds "4"]
[EventCountry "CAN"]
[SourceTitle "EXT 2023"]
[Source "ChessBase"]
[SourceDate "2022.10.05"]
[SourceVersion "1"]
[SourceVersionDate "2022.10.05"]
[SourceQuality "1"]

1. Nf3 d5 2. d4 Nf6 3. g3 Bg4 4. Bg2 e6 5. O-O c5 6. Ne5 Bh5 7. c4 cxd4 8. cxd5 Nxd5 9. Qxd4 Bxe2 10. Re1 Bb5 11. Bxd5 Qxd5 12. Qxd5 exd5 13. Ng6+ Kd8 14. Nxh8 Be8 15. Rd1 g6 16. Bg5+ Kc7 17. Nc3 Nc6 18. Nxd5+ Kc8 19. Rac1 1-0

[Event "Winnipeg TNT September"]
[Site "Winnipeg CAN"]
[Date "2011.09.06"]
[Round "1"]
[White "Swift, Ryne"]
[Black "Mundwiler, Les"]
[Result "0-1"]
[WhiteElo "1790"]
[BlackElo "2064"]
[PlyCount "52"]
[GameId "2160767909648814"]
[EventDate "2011.09.06"]
[EventType "swiss"]
[EventRounds "4"]
[EventCountry "CAN"]
[SourceTitle "EXT 2023"]
[Source "ChessBase"]
[SourceDate "2022.10.05"]
[SourceVersion "1"]
[SourceVersionDate "2022.10.05"]
[SourceQuality "1"]

1. e4 c5 2. Nf3 Nc6 3. d4 cxd4 4. Nxd4 Nf6 5. Nc3 d6 6. Be3 Ng4 7. Nxc6 bxc6 8. Bc4 Nxe3 9. fxe3 e6 10. O-O Be7 11. Rf3 O-O 12. Rh3 e5 13. g4 Bh4 14. Qf3 Qg5 15. Be2 h5 16. Rxh4 Qxh4 17. gxh5 f5 18. Qg3 Qxg3+ 19. hxg3 Be6 20. Rd1 Rad8 21. exf5 Bxf5 22. e4 Be6 23. Kg2 Kf7 24. g4 Kf6 25. Kg3 Kg5 26. Bf3 Rxf3+ 0-1

[Event "Winnipeg TNT September"]
[Site "Winnipeg CAN"]
[Date "2011.09.13"]
[Round "1"]
[White "Afolabi, Damola"]
[Black "Pottinger, Carl"]
[Result "0-1"]
[WhiteElo "1544"]
[BlackElo "1916"]
[PlyCount "94"]
[GameId "2160767909648815"]
[EventDate "2011.09.06"]
[EventType "swiss"]
[EventRounds "4"]
[EventCountry "CAN"]
[SourceTitle "EXT 2023"]
[Source "ChessBase"]
[SourceDate "2022.10.05"]
[SourceVersion "1"]
[SourceVersionDate "2022.10.05"]
[SourceQuality "1"]

1. e4 c5 2. c3 d5 3. exd5 Qxd5 4. Nf3 Nf6 5. Be2 Nc6 6. c4 Qd8 7. O-O g6 8. d3 Bg7 9. Nc3 O-O 10. Be3 b6 11. Ng5 Bb7 12. Rb1 Nd4 13. Nge4 Qd7 14. Bxd4 Qxd4 15. Bf3 Nxe4 16. Nxe4 Rad8 17. Nf6+ Bxf6 18. Bxb7 Qxd3 19. Qxd3 Rxd3 20. Rfd1 Rfd8 21. Rxd3 Rxd3 22. a4 Bd4 23. Kf1 Rd2 24. b4 Rxf2+ 25. Ke1 Rc2 26. bxc5 Bxc5 27. Rd1 Rxc4 28. Rd8+ Kg7 29. Kd2 Rxa4 30. Kc3 b5 31. Bc6 Ra3+ 32. Kb2 b4 33. Be4 a5 34. Rd3 Rxd3 35. Bxd3 a4 36. Bb5 Bd4+ 37. Ka2 a3 38. Bc4 e5 39. g4 f5 40. h3 e4 41. h4 Kh6 42. Bd5 fxg4 43. Bxe4 Kh5 44. Bd5 Kxh4 45. Kb1 g3 46. Kc1 Kh3 47. Kd1 Kh2 0-1